|
|
|
|
| LEADER |
01444nam a2200397Ia 4500 |
| 001 |
EBC3414273 |
| 003 |
MiAaPQ |
| 005 |
20200520144314.0 |
| 006 |
m o d | |
| 007 |
cr cn||||||||| |
| 008 |
020111s2002 ilu sb s001 0 eng d |
| 010 |
|
|
|z 2002000260
|
| 020 |
|
|
|z 0252027574
|
| 020 |
|
|
|z 9780252027574
|
| 020 |
|
|
|z 9780252091520
|
| 035 |
|
|
|a (MiAaPQ)EBC3414273
|
| 035 |
|
|
|a (Au-PeEL)EBL3414273
|
| 035 |
|
|
|a (CaPaEBR)ebr10717532
|
| 035 |
|
|
|a (CaONFJC)MIL494880
|
| 035 |
|
|
|a (OCoLC)923497708
|
| 040 |
|
|
|a MiAaPQ
|c MiAaPQ
|d MiAaPQ
|
| 050 |
|
4 |
|a HE7631
|b .H543 2002
|
| 082 |
0 |
4 |
|a 384/.09
|2 23
|
| 100 |
1 |
|
|a Hills, Jill.
|
| 245 |
1 |
4 |
|a The struggle for control of global communication
|h [electronic resource] :
|b the formative century /
|c Jill Hills.
|
| 260 |
|
|
|a Urbana :
|b University of Illinois Press,
|c c2002.
|
| 300 |
|
|
|a ix, 327 p.
|
| 490 |
0 |
|
|a The history of communication
|
| 504 |
|
|
|a Includes bibliographical references (p. [305]-314) and index.
|
| 533 |
|
|
|a Electronic reproduction. Ann Arbor, MI : ProQuest, 2015. Available via World Wide Web. Access may be limited to ProQuest affiliated libraries.
|
| 650 |
|
0 |
|a Telecommunication
|x History.
|
| 650 |
|
0 |
|a Globalization
|x History.
|
| 650 |
|
0 |
|a Competition, International
|x History.
|
| 655 |
|
4 |
|a Electronic books.
|
| 710 |
2 |
|
|a ProQuest (Firm)
|
| 856 |
4 |
0 |
|u https://ebookcentral.proquest.com/lib/matrademy/detail.action?docID=3414273
|z Click to View
|